000 00553nam a2200157 a 4500
008 120416s0000 ||||||||||||||||| || u
020 _a0821323105
050 _aIBRD(08)TP
100 _aSaint, William S
245 1 0 _aUniversities in Africa
246 _astrategies for stabilization and revitalization
260 _aWashington, D.C.
_bWorld Bank
_c1992
300 _axxiv, 140p. : ill.
350 _a0.00
995 _D0.00
_FCBU-MAIN LIBRARY (Kitwe)
_H1
_I0.00
_UAVAILABLE
_ZInternational Publications
999 _c60884
_d60884